00231nam a2200097Ia 4500008004100000041000800041082001200049100002000061245004300081260000900124240624s9999 xx 000 0 und d aeng a320 PHE aPHELPS EDMUND S aPOLITICAL ECONOMY AN INTRODUCTORY TEXT c1985